Elementary linear algebra : applications version

Αποθηκεύτηκε σε:
Λεπτομέρειες βιβλιογραφικής εγγραφής
Κύριος συγγραφέας: Anton, Howard
Άλλοι συγγραφείς: Rorres, Chris
Μορφή: Βιβλίο
Γλώσσα:English
Δημοσίευση: Hoboken, NJ : John Wiley & Sons, c2005
Έκδοση:9th international ed.
Θέματα:
Ετικέτες: Προσθήκη ετικέτας
Δεν υπάρχουν, Καταχωρήστε ετικέτα πρώτοι!

MARC

LEADER 00000nam a2200000 i 4500
001 1/74250
008 080212s2005 eng d
020 |a 0-471-44902-4 (pbk.) 
035 |l 10094594 
040 |a GR-MY-UA  |b gre  |e aacr 
041 0 |a eng 
082 0 |a 512.5  |2 (22) 
100 1 |a Anton, Howard. 
245 1 0 |a Elementary linear algebra :  |b applications version /  |c Howard Anton and Chris Rorres 
250 |a 9th international ed. 
260 |a Hoboken, NJ :   |b John Wiley & Sons,   |c c2005 
300 |a xv, 832 σ.;  |c 26 εκ. 
504 |a Περιλαμβάνει ευρετήριο 
650 0 0 |a Algebras, Linear. 
700 1 |a Rorres, Chris. 
852 |a INST  |b CHIOS  |e 20080212  |h 512.5 ANT  |p 005200027749  |q 005200027749  |t BK  |y 0 
901 |a BIBL2-2008-1 
909 |a Χ  |b 145608 
922 |a 2ΕΛΗ  |b 200801  |c ΕΠΕΑΕΚ2/ΤΜΟΔ  |d ΕΛΕΥΘΕΡΟΥΔΑΚΗΣ 
970 |a ΒΑΡΦΗΣ  |b ΒΑΓΓΕΛΗΣ  |z 2008/02/12